[Event "4NCL Online Division 6"]
[Site "online"]
[Date "2020.11.03"]
[Round "6.212"]
[White "Markov, Aleksa"]
[Black "Macphail, Kieran"]
[Result "0-1"]
[WhiteElo "1315"]
[BlackElo "1472"]
[PlyCount "86"]
[EventDate "2020.11.03"]
[WhiteTeam "Maidenhead 2"]
[BlackTeam "Jan Luke's Wrecking Crew"]

1. e4 c5 2. Nf3 Nc6 3. d4 cxd4 4. Nxd4 Nf6 5. Nc3 e5 6. Ndb5 d6 7. Bg5 a6 8.
Na3 b5 9. Nd5 Be7 10. Nxf6+ Bxf6 11. Bxf6 Qxf6 12. Bd3 O-O 13. O-O Be6 14. Qf3
Qxf3 15. gxf3 Bh3 16. Rfe1 Nd4 17. Re3 Rac8 18. c3 Ne6 19. c4 b4 20. Nc2 a5 21.
b3 Nf4 22. Bf1 f5 23. Bxh3 Nxh3+ 24. Kg2 Nf4+ 25. Kg3 Rf6 26. h3 Rg6+ 27. Kh2
Rg2+ 28. Kh1 Rxf2 29. exf5 Rxc2 30. Rd1 Rd8 31. c5 Rxc5 32. Kh2 Kf7 33. Kg3 Kf6
34. Kg4 h5+ 35. Kg3 Kxf5 36. h4 Rc2 37. Rg1 Ne2+ 38. Rxe2 Rxe2 39. Ra1 Rc8 40.
Rd1 Rcc2 41. Rxd6 Rg2+ 42. Kh3 Rh2+ 43. Kg3 Rcg2# 0-1

[Event "4NCL Online Division 6"]
[Site "online"]
[Date "2020.11.03"]
[Round "6.213"]
[White "Spargo, Philip J"]
[Black "Chen, William"]
[Result "1/2-1/2"]
[WhiteElo "1420"]
[BlackElo "1270"]
[PlyCount "63"]
[EventDate "2020.11.03"]
[WhiteTeam "Jan Luke's Wrecking Crew"]
[BlackTeam "Maidenhead 2"]

1. e4 e5 2. Nf3 Nf6 3. d3 Nc6 4. Be2 Bc5 5. O-O h6 6. Nc3 d6 7. Na4 Bb6 8. Nxb6
axb6 9. Bd2 O-O 10. c4 Be6 11. b3 Qd7 12. Be3 Ra6 13. a4 Rfa8 14. Qd2 Qe7 15.
Ne1 Ng4 16. Bxg4 Bxg4 17. f3 Be6 18. f4 Na5 19. Rb1 Nc6 20. f5 Bd7 21. Qf2 f6
22. Nc2 Be8 23. Qg3 Kh7 24. Qh4 Bf7 25. Rf3 Qf8 26. Rh3 Ra5 27. Bd2 R5a7 28.
Nb4 Nxb4 29. Bxb4 c5 30. Bd2 Ra6 31. Rf1 R6a7 32. Qg3 1/2-1/2

[Event "4NCL Online Division 6"]
[Site "online"]
[Date "2020.11.03"]
[Round "6.214"]
[White "Balachandar, Sridhar"]
[Black "James, John"]
[Result "1/2-1/2"]
[WhiteElo "1200"]
[BlackElo "1277"]
[PlyCount "135"]
[EventDate "2020.11.03"]
[WhiteTeam "Maidenhead 2"]
[BlackTeam "Jan Luke's Wrecking Crew"]

1. e4 e6 2. d4 d5 3. e5 c5 4. Bb5+ Bd7 5. Nc3 a6 6. Bxd7+ Qxd7 7. Nf3 Nc6 8.
O-O cxd4 9. Na4 Qc7 10. Bf4 b5 11. c4 bxa4 12. Qxa4 Bc5 13. Rac1 Qb6 14. Rfd1
Nge7 15. Bg5 O-O 16. Bxe7 Bxe7 17. cxd5 Na5 18. d6 Bd8 19. b4 Nb7 20. Rc6 Qb5
21. Qxb5 axb5 22. Nxd4 Bg5 23. Nf3 h6 24. h4 Bd8 25. Rd2 Ra4 26. Rb2 g5 27. g3
f6 28. h5 fxe5 29. Nxe5 Bf6 30. Re2 Rd8 31. Ng4 Bg7 32. Rxe6 Rxb4 33. Nxh6+
Bxh6 34. Rxh6 Kg7 35. Rg6+ Kh7 36. Rc7+ Kh8 37. Rxb7 Rb1+ 38. Kg2 Rd1 39. Rxb5
R1xd6 40. Rbxg5 Rxg6 41. Rxg6 Ra8 42. Kh3 Ra4 43. g4 Ra5 44. f4 Kh7 45. Kh4
Rxa2 46. f5 Ra7 47. h6 Rf7 48. Kh5 Re7 49. f6 Re5+ 50. Rg5 Re6 51. Rg7+ Kh8 52.
Kg6 Rxf6+ 53. Kg5 Rxh6 54. Rg6 Rxg6+ 55. Kxg6 Kg8 56. Kf6 Kh7 57. g5 Kg8 58. g6
Kf8 59. Kg5 Kg7 60. Kf5 Kg8 61. Kf6 Kf8 62. Ke6 Kg7 63. Kf5 Kg8 64. Kg5 Kg7 65.
Kf5 Kg8 66. Kf6 Kf8 67. g7+ Kg8 68. Kg6 1/2-1/2

[Event "4NCL Online Division 6"]
[Site "online"]
[Date "2020.11.03"]
[Round "6.221"]
[White "Acharya, Kandara"]
[Black "Wylie, Steve"]
[Result "1-0"]
[WhiteElo "1690"]
[BlackElo "1727"]
[PlyCount "55"]
[EventDate "2020.11.03"]
[WhiteTeam "Ashton 1"]
[BlackTeam "Oadby & Blaby"]

1. e4 d5 2. exd5 Qxd5 3. Nc3 Qd8 4. d4 c6 5. Nf3 Bf5 6. Bf4 e6 7. Qd2 Nf6 8.
O-O-O Bb4 9. Bd3 Bxc3 10. Qxc3 Nd5 11. Qd2 Bxd3 12. Bxb8 Bxc2 13. Qxc2 Rxb8 14.
h4 h6 15. g4 Qd6 16. Ne5 Rc8 17. Kb1 Ke7 18. Qd2 Qb4 19. Rhf1 Qxd2 20. Rxd2 c5
21. f4 cxd4 22. Rxd4 Rc7 23. f5 Rhc8 24. fxe6 Kxe6 25. Nxf7 Nf6 26. Nd6 Ke5 27.
Nb5 Nxg4 28. Rxg4 1-0

[Event "4NCL Online Division 6"]
[Site "online"]
[Date "2020.11.03"]
[Round "6.222"]
[White "Pettitt, David"]
[Black "McBeath, Joel"]
[Result "0-1"]
[WhiteElo "1690"]
[BlackElo "1600"]
[PlyCount "78"]
[EventDate "2020.11.03"]
[WhiteTeam "Oadby & Blaby"]
[BlackTeam "Ashton 1"]

1. d4 Nf6 2. c4 e6 3. Nf3 b6 4. e3 Bb7 5. g3 Ne4 6. Nbd2 Bb4 7. Bg2 O-O 8. O-O
d5 9. Nxe4 dxe4 10. Nd2 f5 11. a3 Bd6 12. b4 c5 13. Bb2 cxb4 14. Qc2 Qe7 15.
axb4 Bxb4 16. Rfc1 Rc8 17. Bf1 a5 18. Bc3 Na6 19. Qb3 Rc7 20. Rab1 Rd8 21. Qa2
Rdc8 22. Rb3 h5 23. Qb1 h4 24. Bxb4 Nxb4 25. Rbc3 hxg3 26. hxg3 g5 27. Bg2 Qd6
28. Rf1 e5 29. Bxe4 Bxe4 30. Nxe4 fxe4 31. Qxe4 exd4 32. exd4 Rxc4 33. Rxc4
Rxc4 34. Qa8+ Kg7 35. Qb7+ Rc7 36. Qe4 a4 37. Re1 a3 38. Qg4 Qd5 39. Re5 Rc1+
0-1

[Event "4NCL Online Division 6"]
[Site "online"]
[Date "2020.11.03"]
[Round "6.223"]
[White "Supatan, Denzel"]
[Black "Manger, John D"]
[Result "1-0"]
[WhiteElo "1675"]
[BlackElo "1705"]
[PlyCount "65"]
[EventDate "2020.11.03"]
[WhiteTeam "Ashton 1"]
[BlackTeam "Oadby & Blaby"]

1. e4 e5 2. Nc3 Nc6 3. Bc4 Nf6 4. d3 h6 5. Nge2 Bc5 6. O-O d6 7. Kh1 Bg4 8. h3
Bh5 9. Qe1 Qd7 10. f4 Bxe2 11. Qxe2 Nd4 12. Qd1 c6 13. fxe5 dxe5 14. Na4 Bd6
15. Nc3 a5 16. a3 b5 17. Ba2 O-O 18. Ne2 Ne6 19. Ng3 Bc5 20. Nh5 Nxh5 21. Qxh5
Nd4 22. Be3 Bd6 23. Bxh6 Ne6 24. Be3 Nf4 25. Bxf4 exf4 26. d4 Bc7 27. c3 Rae8
28. e5 Re7 29. Rxf4 Re6 30. Bxe6 Qxe6 31. Raf1 f6 32. Qg6 Qc4 33. exf6 1-0

[Event "4NCL Online Division 6"]
[Site "online"]
[Date "2020.11.03"]
[Round "6.224"]
[White "Johnson, Andy G"]
[Black "Rogers, Max"]
[Result "0-1"]
[WhiteElo "1720"]
[BlackElo "1472"]
[PlyCount "114"]
[EventDate "2020.11.03"]
[WhiteTeam "Oadby & Blaby"]
[BlackTeam "Ashton 1"]

1. d4 d5 2. e3 Nf6 3. Bd3 Nc6 4. c3 e5 5. dxe5 Nxe5 6. Be2 c6 7. b3 Bd6 8. Bb2
Bf5 9. Nf3 O-O 10. Nxe5 Bxe5 11. Nd2 Re8 12. Nf3 Bc7 13. O-O Qd6 14. g3 Rad8
15. Nd4 Bh3 16. Re1 c5 17. Nb5 Qb6 18. Qc2 Bb8 19. c4 a6 20. Nc3 d4 21. Na4 Qc7
22. exd4 cxd4 23. Bxd4 Rxd4 24. Bf1 Rxe1 25. Rxe1 Bxf1 26. Kxf1 Rd8 27. Qe2 Qd7
28. Nc5 Qc6 29. Ne4 Nxe4 30. Qxe4 Qxe4 31. Rxe4 f6 32. f4 Kf7 33. Ke2 Re8 34.
Kd3 Rxe4 35. Kxe4 Ke6 36. g4 g6 37. h4 f5+ 38. Kf3 fxg4+ 39. Kxg4 Bd6 40. Kf3
Kf5 41. Ke3 Bxf4+ 42. Kd4 Ke6 43. Ke4 Bd6 44. a4 Bb4 45. Kf4 h6 46. Kg4 Kf6 47.
Kf4 g5+ 48. Kg4 gxh4 49. Kxh4 Ke5 50. Kh5 Bf8 51. b4 Bxb4 52. Kxh6 Kd4 53. Kg6
Kxc4 54. Kf5 Bc5 55. Ke4 Kb4 56. Kd5 b6 57. Kc6 Kxa4 0-1

[Event "4NCL Online Division 6"]
[Site "online"]
[Date "2020.11.03"]
[Round "6.231"]
[White "Heath, Chris W"]
[Black "Morgan, Marc"]
[Result "1/2-1/2"]
[WhiteElo "1810"]
[BlackElo "1660"]
[PlyCount "69"]
[EventDate "2020.11.03"]
[WhiteTeam "Horsham 2"]
[BlackTeam "Hackney Hungry"]

1. e4 c5 2. Nc3 e6 3. f4 Nc6 4. Nf3 d6 5. Bb5 Bd7 6. O-O Be7 7. d3 a6 8. Bxc6
Bxc6 9. Qe1 Nf6 10. e5 dxe5 11. Nxe5 Bd5 12. Be3 O-O 13. Qf2 Rc8 14. Ne2 b6 15.
b3 Bb7 16. Rae1 Nd5 17. Bd2 Nb4 18. c3 Nxd3 19. Nxd3 Qxd3 20. Rd1 Rfd8 21. f5
exf5 22. c4 Bf6 23. Kh1 Re8 24. Nf4 Qe4 25. Rde1 Qc6 26. Nh5 Bh4 27. Ng3 Rxe1
28. Rxe1 Rd8 29. Re2 g6 30. Qe3 Bf6 31. h3 Kg7 32. Qh6+ Kg8 33. Qe3 Bd4 34. Qg5
Bf6 35. Qe3 1/2-1/2

[Event "4NCL Online Division 6"]
[Site "online"]
[Date "2020.11.03"]
[Round "6.232"]
[White "Burgoyne, Peter A"]
[Black "Marshall, W John"]
[Result "1-0"]
[WhiteElo "1652"]
[BlackElo "1757"]
[PlyCount "81"]
[EventDate "2020.11.03"]
[WhiteTeam "Hackney Hungry"]
[BlackTeam "Horsham 2"]

1. e4 e5 2. Nf3 Nc6 3. d4 exd4 4. Bc4 Bc5 5. c3 dxc3 6. Bxf7+ Kxf7 7. Qd5+ Kf8
8. Qxc5+ d6 9. Qxc3 Qf6 10. Bg5 Qxc3+ 11. Nxc3 Nge7 12. Nb5 Bg4 13. Nxc7 Rc8
14. Nb5 Bxf3 15. gxf3 Ne5 16. Nd4 Kf7 17. f4 N5c6 18. Nxc6 Rxc6 19. Kd2 Rhc8
20. Rac1 Rxc1 21. Rxc1 Rxc1 22. Kxc1 Nc6 23. Kd2 Ke6 24. Ke3 g6 25. Bh4 d5 26.
exd5+ Kxd5 27. Bf6 Nb8 28. Kf3 Nd7 29. Bc3 h5 30. h4 Nc5 31. f5 gxf5 32. Kf4
Ke6 33. Kg5 Ne4+ 34. Kxh5 Nxc3 35. bxc3 Kf6 36. c4 b6 37. a4 a6 38. f3 Ke5 39.
Kg5 Kd4 40. h5 Kxc4 41. h6 1-0

[Event "4NCL Online Division 6"]
[Site "online"]
[Date "2020.11.03"]
[Round "6.233"]
[White "Trofin, Marian"]
[Black "Rosenbaum, Danny"]
[Result "1-0"]
[WhiteElo "1660"]
[BlackElo "1622"]
[PlyCount "101"]
[EventDate "2020.11.03"]
[WhiteTeam "Horsham 2"]
[BlackTeam "Hackney Hungry"]

1. d4 d5 2. Nc3 e6 3. a3 f5 4. Nf3 Nf6 5. h3 Bd6 6. Bg5 O-O 7. e3 c6 8. Ne5
Nbd7 9. f4 Qe8 10. Qf3 Nxe5 11. dxe5 Bxe5 12. fxe5 Ne4 13. Nxe4 fxe4 14. Qg4
Qg6 15. O-O-O Rf5 16. Bf4 Qf7 17. Qe2 Rxf4 18. exf4 Qxf4+ 19. Kb1 Qxe5 20. g4
Bd7 21. Bg2 Be8 22. Rhf1 g5 23. Qe3 h6 24. Rf2 Bg6 25. Qd4 Qxd4 26. Rxd4 e5 27.
Rd1 e3 28. Rf6 Kg7 29. Rd6 Rf8 30. Re1 d4 31. Bf1 Rf2 32. Rd7+ Kf8 33. Bd3 e4
34. Bc4 b5 35. Bf1 c5 36. Bxb5 Be8 37. Rd8 Ke7 38. Rxe8+ Kd6 39. Rxe4 Kd5 40.
Re8 c4 41. Rd8+ Kc5 42. a4 Rh2 43. Rc8+ Kd5 44. Bxc4+ Ke4 45. Bd3+ Ke5 46. Rc5+
Kf4 47. Rf5+ Kg3 48. Rd5 Rxh3 49. Rxd4 Kf2 50. Rf1+ Kg2 51. Kc1 1-0

[Event "4NCL Online Division 6"]
[Site "online"]
[Date "2020.11.03"]
[Round "6.234"]
[White "McCabe, Gavin"]
[Black "Barrowclough, Richard"]
[Result "1-0"]
[WhiteElo "1105"]
[BlackElo "1547"]
[PlyCount "34"]
[EventDate "2020.11.03"]
[WhiteTeam "Hackney Hungry"]
[BlackTeam "Horsham 2"]

1. d4 Nf6 2. Bf4 e6 3. c4 Bb4+ 4. Nd2 d5 5. e3 O-O 6. c5 Bxd2+ 7. Qxd2 Nh5 8.
Bd3 Nxf4 9. exf4 Nd7 10. Nf3 Nf6 11. O-O Bd7 12. Ne5 c6 13. Qc2 Be8 14. g4 g6
15. Kh1 Nd7 16. Rae1 Nxe5 17. Rxe5 Qg5 1-0

[Event "4NCL Online Division 6"]
[Site "online"]
[Date "2020.11.03"]
[Round "6.241"]
[White "Smith, Richard AL"]
[Black "Pothecary, James"]
[Result "1-0"]
[WhiteElo "1810"]
[BlackElo "1645"]
[PlyCount "99"]
[EventDate "2020.11.03"]
[WhiteTeam "Camborne Pendarves"]
[BlackTeam "Farnham B"]

1. e4 e5 2. f4 d5 3. exd5 e4 4. Qe2 Nf6 5. d3 Qxd5 6. Nc3 Bb4 7. Bd2 Bxc3 8.
Bxc3 Bg4 9. Nf3 O-O 10. Bxf6 exf3 11. Qe5 Qxe5+ 12. Bxe5 Re8 13. Kf2 fxg2 14.
Bxg2 c6 15. Rae1 Nd7 16. Bc3 Be6 17. Re3 Nb6 18. Rhe1 Bd7 19. h4 Rxe3 20. Rxe3
Re8 21. Rg3 g6 22. h5 Kf8 23. hxg6 fxg6 24. Be4 Nd5 25. Be5 Kf7 26. a3 Nf6 27.
Kf3 Nd5 28. c4 Ne7 29. Rg1 Nf5 30. d4 Nh4+ 31. Ke3 Nf5+ 32. Kd3 Be6 33. b3 Rd8
34. Kc3 h5 35. a4 Ne7 36. b4 Bf5 37. Bf3 Be6 38. b5 Rc8 39. bxc6 bxc6 40. Rb1
h4 41. Rb7 Ra8 42. Bd6 Re8 43. Bxc6 h3 44. Bxe8+ Kxe8 45. Rxe7+ Kd8 46. Rxe6 h2
47. Re1 Kd7 48. Be5 Ke6 49. Rh1 Kf5 50. Rxh2 1-0

[Event "4NCL Online Division 6"]
[Site "online"]
[Date "2020.11.03"]
[Round "6.242"]
[White "Young, Jonathan G"]
[Black "Rodrigo, Y Jan"]
[Result "0-1"]
[WhiteElo "1577"]
[BlackElo "1795"]
[PlyCount "62"]
[EventDate "2020.11.03"]
[WhiteTeam "Farnham B"]
[BlackTeam "Camborne Pendarves"]

1. c4 f5 2. Nc3 Nf6 3. d4 e6 4. e3 Bb4 5. Bd2 O-O 6. Nf3 b6 7. Be2 Bb7 8. a3
Be7 9. O-O Ne4 10. h3 Nxd2 11. Qxd2 d6 12. Rad1 Qe8 13. Nb5 Bd8 14. b4 a6 15.
Nc3 Qg6 16. Kh2 e5 17. d5 Nd7 18. Rg1 a5 19. Ra1 Qh6 20. g3 Nf6 21. Ne1 Bc8 22.
Ng2 f4 23. g4 Bxg4 24. Nxf4 Bxe2 25. Nfxe2 axb4 26. axb4 Rxa1 27. Rxa1 Ng4+ 28.
Kg3 Qh4+ 29. Kg2 Rxf2+ 30. Kh1 Qxh3+ 31. Kg1 Qg2# 0-1

[Event "4NCL Online Division 6"]
[Site "online"]
[Date "2020.11.03"]
[Round "6.243"]
[White "Oates, Thomas"]
[Black "Franklin, Tony"]
[Result "1-0"]
[WhiteElo "1682"]
[BlackElo "1300"]
[PlyCount "101"]
[EventDate "2020.11.03"]
[WhiteTeam "Camborne Pendarves"]
[BlackTeam "Farnham B"]

1. d4 e6 2. c4 Nf6 3. Nc3 Bb4 4. Qc2 O-O 5. a3 Bxc3+ 6. Qxc3 b6 7. Bg5 c6 8. e3
h6 9. Bxf6 Qxf6 10. Nf3 d6 11. Bd3 Re8 12. e4 Nd7 13. O-O e5 14. d5 cxd5 15.
cxd5 a5 16. Bb5 Qe7 17. Rfc1 Nc5 18. Bxe8 Qxe8 19. Qe1 Nd3 20. Qd2 Nxc1 21.
Rxc1 Bg4 22. Qd3 Rc8 23. Rc3 Rxc3 24. Qxc3 b5 25. Qxa5 Qc8 26. Qc3 Qc4 27. Qxc4
bxc4 28. Nd2 Be2 29. f3 g6 30. Kf2 Bd3 31. Ke3 Kg7 32. b3 f5 33. Nxc4 Bf1 34.
g3 Bxc4 35. bxc4 fxe4 36. Kxe4 Kf7 37. f4 Ke7 38. fxe5 dxe5 39. Kxe5 Kd7 40. c5
g5 41. c6+ Kc7 42. Ke6 Kb6 43. d6 Kxc6 44. d7 Kc7 45. Ke7 Kc6 46. d8=Q Kb7 47.
Kd6 Ka7 48. Kc7 Ka6 49. Qb8 Ka5 50. Qb4+ Ka6 51. Qb6# 1-0

[Event "4NCL Online Division 6"]
[Site "online"]
[Date "2020.11.03"]
[Round "6.244"]
[White "Warren, Archie"]
[Black "Pope, Martin"]
[Result "1-0"]
[WhiteElo "1337"]
[BlackElo "1660"]
[PlyCount "33"]
[EventDate "2020.11.03"]
[WhiteTeam "Farnham B"]
[BlackTeam "Camborne Pendarves"]

1. d4 Nf6 2. Bf4 d5 3. e3 Bg4 4. Be2 Bxe2 5. Qxe2 c6 6. Nd2 Qb6 7. b3 e6 8.
Ngf3 a5 9. c4 Be7 10. O-O O-O 11. Rfe1 Nbd7 12. e4 dxe4 13. Nxe4 Nxe4 14. Qxe4
Bf6 15. Rab1 Rfe8 16. h3 Kf8 17. Qxh7 1-0

[Event "4NCL Online Division 6"]
[Site "online"]
[Date "2020.11.03"]
[Round "6.251"]
[White "Michalek, Lukasz"]
[Black "Wilson, Andrew B"]
[Result "1-0"]
[WhiteElo "1562"]
[BlackElo "1675"]
[PlyCount "35"]
[EventDate "2020.11.03"]
[WhiteTeam "Crewe BOL"]
[BlackTeam "Ashby Ivanhoe"]

1. e4 e6 2. d4 d5 3. exd5 exd5 4. c4 Nf6 5. Nf3 Be7 6. Nc3 O-O 7. Be3 Bg4 8.
Bd3 c6 9. O-O Na6 10. Qb3 Bxf3 11. gxf3 Nb4 12. Be2 dxc4 13. Bxc4 Qd7 14. a3
Qh3 15. Bf4 Qxf3 16. Bg3 Nbd5 17. Nxd5 Qxb3 18. Nxe7+ 1-0

[Event "4NCL Online Division 6"]
[Site "online"]
[Date "2020.11.03"]
[Round "6.252"]
[White "Hayden, Lawrence F"]
[Black "Fields, Adam"]
[Result "0-1"]
[WhiteElo "1652"]
[BlackElo "1450"]
[PlyCount "132"]
[EventDate "2020.11.03"]
[WhiteTeam "Ashby Ivanhoe"]
[BlackTeam "Crewe BOL"]

1. e4 e6 2. Qe2 Nc6 3. f4 Nd4 4. Qd3 c5 5. c3 Nc6 6. Nf3 Nf6 7. g3 Be7 8. Bg2
O-O 9. Na3 a6 10. Nc2 Re8 11. Qe2 d5 12. d3 b5 13. Ne5 Nxe5 14. fxe5 Nd7 15. d4
Bb7 16. O-O Rc8 17. exd5 Bxd5 18. Bxd5 exd5 19. e6 fxe6 20. Qxe6+ Kh8 21. Qxd5
cxd4 22. Nxd4 Bc5 23. Kg2 Re5 24. Qf3 Bxd4 25. cxd4 Re6 26. Be3 Qe7 27. Rac1
Rxc1 28. Rxc1 h6 29. Bf2 Re2 30. Rc8+ Kh7 31. Qd3+ g6 32. Rc2 Rxc2 33. Qxc2 Qd6
34. Qe4 Nf6 35. Qb7+ Kg8 36. Qf3 Kg7 37. Qe3 g5 38. Qe5 Qd5+ 39. Qxd5 Nxd5 40.
Kf3 Kf6 41. Ke4 Ke6 42. a3 Nf6+ 43. Kd3 Kd5 44. b4 Ng4 45. Bg1 Nf6 46. h3 Ne4
47. g4 Nf6 48. Be3 Ne4 49. Bg1 Nd6 50. Be3 Nc4 51. Bc1 Nd6 52. Be3 Nc4 53. Bf2
Nxa3 54. Bg3 Nc4 55. Be1 Nd6 56. h4 Ne4 57. hxg5 hxg5 58. Ke3 Nd6 59. Kd3 Ne4
60. Ke3 Nd6 61. Bd2 Nc4+ 62. Kd3 Nxd2 63. Kxd2 Kxd4 64. Kc2 Kc4 65. Kd2 Kxb4
66. Kd3 Kb3 0-1

[Event "4NCL Online Division 6"]
[Site "online"]
[Date "2020.11.03"]
[Round "6.253"]
[White "Nienaber, Kobus"]
[Black "Wyld, Nick M"]
[Result "1-0"]
[WhiteElo "1435"]
[BlackElo "1450"]
[PlyCount "85"]
[EventDate "2020.11.03"]
[WhiteTeam "Crewe BOL"]
[BlackTeam "Ashby Ivanhoe"]

1. d4 c6 2. Bf4 d5 3. Nc3 Bf5 4. e3 Nf6 5. h3 e6 6. Bd3 Bxd3 7. Qxd3 Nbd7 8.
Nf3 h6 9. O-O Bb4 10. Ne2 Nh5 11. Bh2 Qe7 12. c4 Bd6 13. Bxd6 Qxd6 14. cxd5
cxd5 15. Rfc1 O-O 16. Qb5 b6 17. Rc6 Qe7 18. Rc7 Rfd8 19. Rac1 Qe8 20. Qa4 a6
21. Ne5 b5 22. Qa5 Nhf6 23. Nc6 Rdc8 24. Ne7+ Qxe7 25. Rxc8+ Rxc8 26. Rxc8+ Kh7
27. Qxa6 Ne4 28. Qxb5 Nf8 29. Re8 Qf6 30. Nf4 Ng6 31. Qb8 Qh4 32. g3 Qf6 33.
Qd8 Qf5 34. g4 Qg5 35. Qxg5 Nxg5 36. Nxg6 Kxg6 37. Kg2 Ne4 38. a4 Nd6 39. Rb8
Nc4 40. b4 Kf6 41. a5 Ke7 42. a6 Nd6 43. a7 1-0

[Event "4NCL Online Division 6"]
[Site "online"]
[Date "2020.11.03"]
[Round "6.254"]
[White "Roberts, Neil J"]
[Black "Tilton, Lee"]
[Result "0-1"]
[WhiteElo "1382"]
[BlackElo "1442"]
[PlyCount "70"]
[EventDate "2020.11.03"]
[WhiteTeam "Ashby Ivanhoe"]
[BlackTeam "Crewe BOL"]

1. f3 e5 2. Nh3 d5 3. e3 Bxh3 4. gxh3 Qh4+ 5. Ke2 Nf6 6. Qe1 Qc4+ 7. d3 Qxc2+
8. Qd2 Qc6 9. Bg2 Bd6 10. Qe1 O-O 11. Nd2 Nbd7 12. Nb3 b6 13. Rg1 Nc5 14. Nxc5
Qxc5 15. Bd2 d4 16. Rc1 Qb5 17. Rc2 dxe3 18. Bxe3 Rad8 19. Bf1 c5 20. Bh6 g6
21. Bxf8 Kxf8 22. Qd2 Kg7 23. Kf2 e4 24. dxe4 Bg3+ 25. Kxg3 Rxd2 26. Bxb5 Rxc2
27. b3 Rxa2 28. Bc4 Rc2 29. Ra1 a5 30. Rd1 Nh5+ 31. Kh4 Rxh2 32. Rd6 Rf2 33.
Rxb6 Rxf3 34. Bd5 Rf4+ 35. Kg5 h6# 0-1

[Event "4NCL Online Division 6"]
[Site "online"]
[Date "2020.11.03"]
[Round "6.5"]
[White "Robinson, Neil"]
[Black "New, David"]
[Result "1/2-1/2"]
[WhiteElo "1640"]
[BlackElo "1193"]
[PlyCount "85"]
[EventDate "2020.11.03"]
[WhiteTeam "Cornish Wreckers"]
[BlackTeam "Phones Pals Rooks"]

1. Nf3 d5 2. c4 e6 3. g3 Nf6 4. Bg2 Be7 5. O-O O-O 6. d4 Nbd7 7. Nbd2 b6 8.
cxd5 exd5 9. Ne5 Bb7 10. Qc2 c5 11. Nxd7 Qxd7 12. e3 cxd4 13. exd4 Rac8 14. Qd3
Rfe8 15. Nb1 Bd6 16. Nc3 Bb8 17. Be3 a6 18. Rac1 b5 19. a3 h6 20. Ne2 Rxc1 21.
Rxc1 Rc8 22. Rc2 Rxc2 23. Qxc2 Qc6 24. Qxc6 Bxc6 25. Nf4 Bd6 26. Nd3 Kf8 27.
Kf1 Ke8 28. h3 Kd8 29. Nc5 Bxc5 30. dxc5 Nd7 31. b4 Ne5 32. Bd4 f6 33. Bb2 Nc4
34. Bc1 Ke7 35. Ke2 Ke6 36. Kd3 h5 37. f4 f5 38. Kd4 g6 39. h4 Bb7 40. Bh1 Bc6
41. Bg2 Bb7 42. Bh1 Bc6 43. Bg2 1/2-1/2

[Event "4NCL Online Division 6"]
[Site "online"]
[Date "2020.11.03"]
[Round "6.6"]
[White "Vadalia, Jainill"]
[Black "Jones, Bryan"]
[Result "0-1"]
[WhiteElo "1140"]
[BlackElo "1607"]
[PlyCount "40"]
[EventDate "2020.11.03"]
[WhiteTeam "Phones Pals Rooks"]
[BlackTeam "Cornish Wreckers"]

1. e4 Nc6 2. Nf3 d5 3. e5 Bf5 4. d4 e6 5. Bd3 Nge7 6. c3 Bg6 7. Be3 Nf5 8. Bf4
Be7 9. Qc2 O-O 10. Nbd2 Nb8 11. O-O c5 12. Rac1 Nc6 13. Be3 cxd4 14. cxd4 Rc8
15. Qd1 a6 16. Qe2 Nb4 17. a3 Nxd3 18. Qxd3 Ng3 19. Qb3 Nxf1 20. Kxf1 Rxc1+ 0-1

[Event "4NCL Online Division 6"]
[Site "online"]
[Date "2020.11.03"]
[Round "6.7"]
[White "Renshaw, Ian"]
[Black "McShane, James"]
[Result "0-1"]
[WhiteElo "1525"]
[BlackElo "1100"]
[PlyCount "102"]
[EventDate "2020.11.03"]
[WhiteTeam "Cornish Wreckers"]
[BlackTeam "Phones Pals Rooks"]

1. c4 Nf6 2. Nc3 g6 3. g3 Bg7 4. Bg2 d6 5. Rb1 e5 6. d3 c6 7. a3 O-O 8. Nf3 d5
9. cxd5 cxd5 10. O-O d4 11. Ne4 Nxe4 12. dxe4 Be6 13. b4 Nd7 14. Bb2 Nb6 15.
Nd2 Rc8 16. Rc1 Qd7 17. Nb3 Nc4 18. Nc5 Rxc5 19. bxc5 Nxb2 20. Qc2 Nc4 21. Ra1
Rc8 22. Rfd1 Na5 23. Rab1 b6 24. Qd3 Bc4 25. Qf3 bxc5 26. e3 d3 27. Bf1 Ba6 28.
Rd2 c4 29. Qd1 Bf8 30. Be2 Bxa3 31. Bg4 f5 32. exf5 gxf5 33. Be2 e4 34. Ra1 Bb4
35. Rxa5 Bxa5 36. Ra2 Qb5 37. Bf1 c3 38. Qa1 Rc5 39. Ra3 c2 40. Qa2+ Qc4 41.
Qxc4+ Bxc4 42. Ra1 Bd2 43. Rxa7 c1=Q 44. Ra8+ Kg7 45. Ra7+ Bf7 46. h4 Bxe3 47.
fxe3 Qxe3+ 48. Kh2 Rc2+ 49. Kh3 Qxa7 50. Bxd3 exd3 51. h5 Bxh5 0-1

[Event "4NCL Online Division 6"]
[Site "online"]
[Date "2020.11.03"]
[Round "6.8"]
[White "Lukhi, Neev"]
[Black "Brown, Hugh"]
[Result "1-0"]
[WhiteElo "970"]
[BlackElo "1345"]
[PlyCount "91"]
[EventDate "2020.11.03"]
[WhiteTeam "Phones Pals Rooks"]
[BlackTeam "Cornish Wreckers"]

1. e4 e5 2. Nf3 Nf6 3. Nxe5 d6 4. Nf3 Bg4 5. Nc3 Nc6 6. Be2 Bxf3 7. Bxf3 Ne5 8.
O-O Be7 9. d4 Nc6 10. Bf4 O-O 11. Re1 Qd7 12. e5 dxe5 13. dxe5 Qxd1 14. Raxd1
Ne8 15. Rd7 f6 16. Bxc6 bxc6 17. Rxe7 fxe5 18. Bxe5 Nf6 19. Bxf6 Rxf6 20. Re8+
Rxe8 21. Rxe8+ Kf7 22. Rc8 Re6 23. Rxc7+ Kg6 24. h3 Re1+ 25. Kh2 Re6 26. Rxa7
h6 27. Ra6 Rf6 28. f3 Kh7 29. a4 Rd6 30. Ne4 Rg6 31. b4 Re6 32. b5 Re8 33. Rxc6
Ra8 34. Ra6 Rc8 35. Rc6 Ra8 36. Nc3 Rd8 37. b6 Rd2 38. b7 Rxc2 39. b8=Q Rxc3
40. Rxc3 Kg6 41. Qd6+ Kh7 42. Rc8 h5 43. Qd3+ g6 44. Rc7+ Kh6 45. Qe3+ g5 46.
Qb6# 1-0

[Event "4NCL Online Division 6"]
[Site "online"]
[Date "2020.11.03"]
[Round "6.15"]
[White "Sanfey, Peter"]
[Black "Ward, George"]
[Result "0-1"]
[WhiteElo "1270"]
[BlackElo "1772"]
[PlyCount "40"]
[EventDate "2020.11.03"]
[WhiteTeam "Barnet Knights E"]
[BlackTeam "MK Phoenix 3"]

1. e4 e5 2. Nf3 Nc6 3. Bb5 d6 4. b3 Nf6 5. Nc3 Bd7 6. Bb2 a6 7. Bxc6 Bxc6 8.
O-O Nxe4 9. Nxe4 Bxe4 10. Re1 Bxf3 11. Qxf3 Be7 12. Qxb7 O-O 13. a4 Bf6 14. Re3
Qd7 15. Rae1 Rfc8 16. c4 Qf5 17. d4 exd4 18. Qxa8 dxe3 19. Rxe3 Qb1+ 20. Re1
Qxe1# 0-1

[Event "4NCL Online Division 6"]
[Site "online"]
[Date "2020.11.03"]
[Round "6.16"]
[White "Solloway, Colin J"]
[Black "Scheffel, Charlie"]
[Result "1-0"]
[WhiteElo "1649"]
[BlackElo "1097"]
[PlyCount "41"]
[EventDate "2020.11.03"]
[WhiteTeam "MK Phoenix 3"]
[BlackTeam "Barnet Knights E"]

1. d4 Nf6 2. Bf4 g6 3. e3 Bg7 4. Nf3 c5 5. c3 cxd4 6. cxd4 Qa5+ 7. Qd2 Qf5 8.
Nc3 O-O 9. Rc1 b6 10. Ne5 Bb7 11. Bd3 Be4 12. Nxe4 Nxe4 13. Qc2 d5 14. f3 Nd7
15. fxe4 Qe6 16. Qc6 Nxe5 17. Bxe5 Qg4 18. O-O e6 19. Rxf7 Kxf7 20. Qd7+ Kg8
21. Qxg7# 1-0

[Event "4NCL Online Division 6"]
[Site "online"]
[Date "2020.11.03"]
[Round "6.17"]
[White "Rasalingam, Rishi"]
[Black "Cox, Lucian"]
[Result "1-0"]
[WhiteElo "1157"]
[BlackElo "1600"]
[PlyCount "33"]
[EventDate "2020.11.03"]
[WhiteTeam "Barnet Knights E"]
[BlackTeam "MK Phoenix 3"]

1. e4 e5 2. f4 Nf6 3. Nc3 Bc5 4. Nf3 d5 5. exd5 Nxd5 6. fxe5 Qe7 7. d4 Bb4 8.
Bc4 c6 9. a3 Ba5 10. b4 Bc7 11. Bxd5 cxd5 12. Nxd5 Qd7 13. Nxc7+ Qxc7 14. Bb2
O-O 15. Qd3 Qc6 16. Ng5 Qxg2 17. Qxh7# 1-0

[Event "4NCL Online Division 6"]
[Site "online"]
[Date "2020.11.03"]
[Round "6.18"]
[White "Wayne, Steven"]
[Black "Belur, Ashwin"]
[Result "1-0"]
[WhiteElo "1307"]
[BlackElo "1105"]
[PlyCount "85"]
[EventDate "2020.11.03"]
[WhiteTeam "MK Phoenix 3"]
[BlackTeam "Barnet Knights E"]

1. Nf3 Nf6 2. c4 g6 3. d4 d6 4. Nc3 Nbd7 5. e4 e5 6. d5 Nc5 7. Qc2 Bg7 8. Bg5
O-O 9. Be2 b6 10. b4 Ncd7 11. O-O Rb8 12. a4 a5 13. Nb5 Ra8 14. bxa5 Rxa5 15.
h3 Bb7 16. Rab1 c6 17. Nxd6 Ba8 18. dxc6 Bxc6 19. Nb5 h6 20. Bd2 Bxe4 21. Bd3
Nc5 22. Bxe4 Ncxe4 23. Bxa5 bxa5 24. Nxe5 Nd2 25. Rbd1 Nfe4 26. f4 Qb6+ 27. Kh2
Nxf1+ 28. Rxf1 Qb7 29. Nf3 Nd6 30. Nxd6 Qb8 31. c5 Rd8 32. Rd1 h5 33. Qc4 Kh7
34. Qxf7 Rf8 35. Qc4 Rf6 36. Ng5+ Kh6 37. Ndf7+ Rxf7 38. Nxf7+ Kh7 39. Rd7 Qe8
40. Ng5+ Kh6 41. Rd6 Qe7 42. Qg8 Bc3 43. Qxg6# 1-0